[Event "ch-NED w"]
[Site "Leeuwarden NED"]
[Date "2003.06.25"]
[Round "1"]
[White "Schuurman,P"]
[Black "Hamelink,D"]
[Result "1/2-1/2"]
[WhiteElo "2293"]
[BlackElo "2187"]
[EventDate "2003.06.25"]

1. d4 d5 2. c4 c6 3. Nc3 Nf6 4. e3 a6 5. Qc2 b5 6. b3 g6 7. Bd3 Bg7 8. Nf3
Nbd7 9. O-O Bb7 10. a4 b4 11. Ne2 a5 12. Ng3 O-O 13. Bb2 e6 14. Rad1 Qe7
15. Rfe1 dxc4 16. bxc4 c5 17. Ne5 Nxe5 18. dxe5 Ng4 19. f4 Nxh2 20. Kxh2
Qh4+ 21. Kg1 Qxg3 22. Be4 Bxe4 23. Qxe4 Rad8 24. Qf3 Qxf3 25. gxf3 Rfe8 26.
e4 Bh6 27. Bc1 Rd4 28. Rxd4 cxd4 29. Rd1 Rd8 30. Kf1 Bf8 31. Ke2 Bc5 32.
Kd3 Kg7 33. f5 gxf5 34. Rg1+ Kf8 35. exf5 exf5 36. Rh1 Kg8 37. Rg1+ Kf8 38.
Rh1 Re8 39. Bf4 Ke7 40. Bg5+ Kd7 41. Rxh7 Rxe5 42. Rxf7+ Ke8 43. Rb7 Re1
44. Rb5 b3 45. Rxb3 Rd1+ 46. Kc2 Ra1 47. Rb5 Bb4 48. Rxf5 Ra3 49. Rd5 Rc3+
50. Kd1 Rxc4 51. Bd2 Bxd2 52. Kxd2 Rxa4 53. Kd3 Ra1 54. Rxd4 Rd1+ 1/2-1/2

[Event "ch-NED w"]
[Site "Leeuwarden NED"]
[Date "2003.06.25"]
[Round "1"]
[White "Peng Zhaoqin"]
[Black "Bensdorp,L"]
[Result "1-0"]
[WhiteElo "2433"]
[BlackElo "2063"]
[EventDate "2003.06.25"]

1. d4 d5 2. c4 e6 3. Nc3 Nf6 4. Bg5 Be7 5. e3 O-O 6. Nf3 h6 7. Bxf6 Bxf6 8.
cxd5 exd5 9. Qb3 c6 10. Bd3 Re8 11. O-O Qb6 12. Qc2 Nd7 13. Rab1 a5 14. a3
Be7 15. Rfc1 Bd6 16. b4 Qa7 17. e4 dxe4 18. Nxe4 Bf8 19. Bc4 Nb6 20. Nf6+
gxf6 21. Qg6+ Kh8 22. Bxf7 Bg7 23. Bxe8 Be6 24. Bf7 Bd5 25. Nh4 1-0

[Event "ch-NED w"]
[Site "Leeuwarden NED"]
[Date "2003.06.25"]
[Round "1"]
[White "Van Weersel,A"]
[Black "Bosboom Lanchava,T"]
[Result "0-1"]
[WhiteElo "2096"]
[BlackElo "2329"]
[EventDate "2003.06.25"]

1. e4 g6 2. c4 Bg7 3. Nc3 c5 4. g3 Nc6 5. Bg2 d6 6. Nge2 h5 7. h3 Bd7 8.
O-O Qc8 9. Kh2 Ne5 10. d3 h4 11. g4 Bxg4 12. f4 Bxe2 13. Qxe2 Nc6 14. Bd2
Qd7 15. Rab1 Nf6 16. Qf2 Nh5 17. Nd5 e6 18. Nc3 Ng3 19. Rfd1 Bf6 20. Ne2
Nxe2 21. Qxe2 Nd4 22. Qf2 a5 23. Bc3 Qe7 24. Re1 e5 25. Bxd4 cxd4 26. f5
Bg5 27. Qc2 Bf4+ 28. Kh1 Qg5 29. fxg6 Qxg6 30. Bf3 Qg3 31. Bg4 Rg8 32. Rg1
Qe3 33. Rbe1 Qd2 34. Qxd2 Bxd2 35. Ref1 Bf4 36. Bf5 Bg3 37. Bg4 Bf4 38. Bf5
Ke7 39. Rg4 Rxg4 40. Bxg4 Rb8 41. a4 Ra8 42. Kg2 Kd8 43. Kf3 Kc7 44. Ke2
Kb6 45. Kd1 Rg8 46. Kc2 f6 47. Rd1 Rg7 48. Rh1 Kc5 49. Kb3 b6 50. Rf1 Kc6
51. Rh1 Kc7 52. Kc2 Kd8 53. Kd1 d5 54. cxd5 Rc7 55. Ke1 Rc2 56. Be2 Rxb2
57. Kf2 Kd7 58. Ra1 Kd6 59. Kf3 Bg5 60. Ra3 Be3 61. Bd1 Rf2+ 62. Kg4 Rf4+
63. Kh5 f5 64. exf5 Rxf5+ 65. Kxh4 Bf2+ 66. Kg4 Rf4+ 67. Kg5 Kxd5 68. Rb3
Be3 69. Rb5+ Kc6 70. Kh5 Rf1 71. Bb3 Bf4 72. Kg4 Rg1+ 73. Kh5 Rg3 74. Bd5+
Kc7 75. Be4 Rxh3+ 76. Kg4 Rh2 77. Rb1 Ra2 78. Rh1 Rxa4 79. Rh7+ Kd6 0-1

[Event "ch-NED w"]
[Site "Leeuwarden NED"]
[Date "2003.06.26"]
[Round "2"]
[White "Bosboom Lanchava,T"]
[Black "Peng Zhaoqin"]
[Result "0-1"]
[WhiteElo "2329"]
[BlackElo "2433"]
[EventDate "2003.06.25"]

1. d4 Nf6 2. Nf3 g6 3. c4 Bg7 4. Nc3 O-O 5. e4 c6 6. e5 Ne8 7. Be2 d6 8.
O-O Bg4 9. Bf4 Nd7 10. Re1 Bxf3 11. Bxf3 dxe5 12. Bxe5 Nxe5 13. dxe5 Qc7
14. Qe2 Rd8 15. Qe3 Qb8 16. Na4 Nc7 17. Nc5 b6 18. Nd3 c5 19. b4 Ne6 20.
bxc5 Nd4 21. cxb6 Qxb6 22. Bd1 Qa5 23. Bb3 Nf5 24. Qe2 Rd4 25. Red1 e6 26.
g3 Rfd8 27. Rac1 Bh6 28. f4 Qa6 29. Qf3 Bf8 30. Kg2 Ba3 31. Rc3 Qa5 32. Nf2
Rxd1 33. Nxd1 Nd4 34. Qb7 Ne2 35. Rf3 Rd2 36. Nf2 Bc5 37. Ne4 Ng1+ 38. Nxd2
Qxd2+ 39. Kh1 Qe2 40. Qc8+ Kg7 41. Bd1 Qxd1 42. Rb3 Qf1 0-1

[Event "ch-NED w"]
[Site "Leeuwarden NED"]
[Date "2003.06.27"]
[Round "3"]
[White "Van Weersel,A"]
[Black "Hamelink,D"]
[Result "1-0"]
[WhiteElo "2096"]
[BlackElo "2187"]
[EventDate "2003.06.25"]

1. e4 c5 2. c4 Nc6 3. Ne2 Nf6 4. Nbc3 e6 5. d4 d5 6. cxd5 exd5 7. Bg5 dxe4
8. d5 Nb4 9. Ng3 Be7 10. Bb5+ Bd7 11. d6 Bxb5 12. Nxb5 Nd3+ 13. Ke2 O-O 14.
Nxe4 Nf4+ 15. Kf1 Qa5 16. Nec3 Bxd6 17. Qxd6 Ne6 18. Bxf6 gxf6 19. Qg3+ Kh8
20. Qf3 Rad8 21. Qxf6+ Kg8 22. Re1 Rfe8 23. h4 Qb4 24. Rh3 Qc4+ 25. Kg1 Rd3
26. b3 1-0

[Event "ch-NED w"]
[Site "Leeuwarden NED"]
[Date "2003.06.27"]
[Round "3"]
[White "Peng Zhaoqin"]
[Black "Schuurman,P"]
[Result "1-0"]
[WhiteElo "2433"]
[BlackElo "2293"]
[EventDate "2003.06.25"]

1. d4 Nf6 2. Nf3 g6 3. c4 c5 4. Nc3 cxd4 5. Nxd4 Bg7 6. e4 O-O 7. Be2 Nc6
8. Be3 d6 9. O-O Bd7 10. Nb3 Na5 11. Nd2 b6 12. Rc1 Nc6 13. h3 Bc8 14. a3
Nd7 15. b4 Bb7 16. Nb3 Rc8 17. Nd5 e6 18. Nc3 Nf6 19. f3 Qe7 20. Qd2 Rfd8
21. Bg5 Ne5 22. Nb5 a6 23. N5d4 Qc7 24. Rfd1 Qb8 25. Qf4 Ned7 26. Qh4 Re8
27. Bf1 Nh5 28. Qf2 Be5 29. Be3 d5 30. g4 dxc4 31. Rxc4 Rxc4 32. Bxc4 Nf4
33. Bf1 Nf8 34. Ne2 g5 35. Nxf4 Bxf4 36. Bxb6 Ng6 37. Bd4 Bg3 38. Qe3 Bh2+
39. Kh1 Bf4 40. Qe2 Rd8 41. Nc5 Nh4 42. Bf6 1-0

[Event "ch-NED w"]
[Site "Leeuwarden NED"]
[Date "2003.06.28"]
[Round "4"]
[White "Peng Zhaoqin"]
[Black "Hamelink,D"]
[Result "1-0"]
[WhiteElo "2433"]
[BlackElo "2187"]
[EventDate "2003.06.25"]

1. d4 d5 2. c4 c6 3. Nc3 Nf6 4. Nf3 dxc4 5. a4 Bf5 6. Nh4 e6 7. Nxf5 exf5
8. e3 Bb4 9. Bxc4 O-O 10. O-O Nbd7 11. Bd2 g6 12. Qb3 a5 13. Rad1 Nb6 14.
Bd3 Rc8 15. Bc1 Qe7 16. Na2 Nfd5 17. Bb1 Rfe8 18. h3 c5 19. dxc5 Qxc5 20.
Bd3 Re5 21. Bb5 Qc2 22. Qxc2 Rxc2 23. Nxb4 Nxb4 24. Rd8+ Kg7 25. b3 N6d5
26. Ba3 Re7 27. Rd1 Nc3 28. R1d2 Rxd2 29. Rxd2 Nxb5 30. axb5 Rc7 31. Bb2+
Kh6 32. Bf6 Rc5 33. Rd4 g5 34. g4 Rd5 35. Rc4 Kg6 36. Bd4 fxg4 37. hxg4
Rxb5 38. Rc8 Nd5 39. Rg8+ Kh6 40. Bg7+ Kg6 41. Be5+ Kh6 42. Bd6 1-0

[Event "ch-NED w"]
[Site "Leeuwarden NED"]
[Date "2003.06.28"]
[Round "4"]
[White "Bosboom Lanchava,T"]
[Black "Schuurman,P"]
[Result "1-0"]
[WhiteElo "2329"]
[BlackElo "2293"]
[EventDate "2003.06.25"]

1. d4 Nf6 2. c4 c5 3. d5 b5 4. Nf3 Bb7 5. Qc2 Na6 6. Nbd2 bxc4 7. e4 Nb4 8.
Qb1 Nd3+ 9. Bxd3 cxd3 10. Qxd3 g6 11. O-O Bg7 12. Nc4 O-O 13. Bd2 d6 14.
Ba5 Qd7 15. Nfd2 Rfe8 16. Rfe1 e6 17. Qh3 Re7 18. e5 Nxd5 19. exd6 Ree8 20.
Ne4 Rac8 21. Rad1 h6 22. Qg3 e5 23. Nc3 Nf4 24. f3 Re6 25. b3 g5 26. Qg4 h5
27. Qf5 Bc6 28. Ne4 Rg6 29. Qxd7 Bxd7 30. g3 Ne6 31. Nc3 Nd4 32. Re3 Re6
33. Nd5 Kf8 34. Nc7 Rf6 35. Rf1 Bh3 36. Rf2 Rd8 37. b4 Rfxd6 38. Nxd6 Rxd6
39. bxc5 Rc6 40. f4 exf4 41. Re8+ 1-0

[Event "ch-NED w"]
[Site "Leeuwarden NED"]
[Date "2003.06.28"]
[Round "4"]
[White "Bensdorp,L"]
[Black "Van Weersel,A"]
[Result "1/2-1/2"]
[WhiteElo "2063"]
[BlackElo "2096"]
[EventDate "2003.06.25"]

1. e4 e5 2. Nf3 Nc6 3. d4 exd4 4. Nxd4 Bc5 5. Nxc6 bxc6 6. Bd3 Qh4 7. O-O
Nf6 8. h3 O-O 9. Nc3 d6 10. Qf3 Be6 11. Bf4 Nh5 12. Bh2 g6 13. Kh1 Rab8 14.
Nd1 Bb6 15. b3 f5 16. exf5 Bxf5 17. Qxc6 Bxd3 18. Qd5+ Rf7 19. Qxd3 Rbf8
20. Ne3 Rxf2 21. Ng4 Rxf1+ 22. Rxf1 Rxf1+ 23. Qxf1 Qe7 24. Qc4+ Kg7 25.
Qc3+ Nf6 26. Bg1 c5 27. Bf2 h5 28. Ne3 Kf7 29. Bh4 Qe6 30. Bxf6 Qxf6 31.
Qe1 Qe5 32. c4 Bd8 33. Qf2+ Kg7 34. Nd5 Bg5 35. a4 Qa1+ 36. Kh2 Qe5+ 37.
Qg3 Bf6 38. Qxe5 Bxe5+ 39. Kg1 Kf7 40. Kf2 Ke6 41. Kf3 a5 42. Ke4 Bg3 43.
Nb6 Be5 44. g4 1/2-1/2

[Event "ch-NED w"]
[Site "Leeuwarden NED"]
[Date "2003.06.29"]
[Round "5"]
[White "Van Weersel,A"]
[Black "Peng Zhaoqin"]
[Result "1/2-1/2"]
[WhiteElo "2096"]
[BlackElo "2433"]
[EventDate "2003.06.25"]

1. e4 e6 2. d3 d5 3. Nd2 Nf6 4. Ngf3 b6 5. e5 Nfd7 6. d4 c5 7. c3 Be7 8.
Bd3 Ba6 9. Qe2 Qc8 10. O-O Bxd3 11. Qxd3 Qa6 12. Qe3 Nc6 13. Ne1 Rc8 14.
Nb3 h5 15. Qg3 g6 16. Bg5 h4 17. Qf4 Bxg5 18. Qxg5 h3 19. g3 Qe2 20. Qe3
Qxb2 21. Nf3 c4 22. Nbd2 Ne7 23. g4 Ng8 24. a4 Qc2 25. Ne1 Qb2 26. Nef3 Qc2
27. Ne1 Qb2 1/2-1/2

[Event "ch-NED w"]
[Site "Leeuwarden NED"]
[Date "2003.06.29"]
[Round "5"]
[White "Schuurman,P"]
[Black "Bensdorp,L"]
[Result "1-0"]
[WhiteElo "2293"]
[BlackElo "2063"]
[EventDate "2003.06.25"]

1. d4 d5 2. c4 e6 3. Nf3 Nf6 4. Nc3 Be7 5. cxd5 exd5 6. Bf4 c6 7. Qc2 g6 8.
Ne5 Bf5 9. Qd2 O-O 10. f3 Nbd7 11. g4 Be6 12. O-O-O a5 13. Kb1 a4 14. h4
Qa5 15. e3 Nxe5 16. Bxe5 Nd7 17. Bd3 Nxe5 18. dxe5 Rfd8 19. Qc2 Kg7 20. h5
b5 21. Ne2 Bd7 22. hxg6 hxg6 23. Nf4 Rg8 24. e6 1-0

[Event "ch-NED w"]
[Site "Leeuwarden NED"]
[Date "2003.07.01"]
[Round "6"]
[White "Hamelink,D"]
[Black "Schuurman,P"]
[Result "0-1"]
[WhiteElo "2187"]
[BlackElo "2293"]
[EventDate "2003.06.25"]

1. e4 c6 2. d4 d5 3. e5 Bf5 4. Nc3 a6 5. g4 Bd7 6. Be3 h5 7. g5 Bf5 8. Bd3
Bxd3 9. Qxd3 e6 10. g6 f6 11. exf6 Qxf6 12. Nge2 Bd6 13. O-O-O Ne7 14. Rdg1
Nd7 15. Rg2 Qf5 16. Qxf5 Nxf5 17. Bg5 Nb6 18. Nd1 Kd7 19. Ne3 Raf8 20. h4
Nc8 21. Nxf5 Rxf5 22. Be3 Ne7 23. c3 Rf6 24. Rhg1 Nf5 25. Rh1 b6 26. Kd2 c5
27. a3 Ne7 28. Rhg1 Nf5 29. Rh1 c4 30. Rg5 b5 31. Rg2 a5 32. Rg5 Bc7 33.
Rg2 Nd6 34. Kc2 Ne4 35. Bg5 Rf5 36. Be3 Rhf8 37. Rf1 Bd8 38. f4 Bxh4 39.
Rh1 Be7 40. Ng3 Nxg3 41. Rxg3 h4 42. Rg4 Rh5 43. Rh3 Rb8 44. Bd2 Bf6 45.
Be1 Rbh8 46. Bd2 Be7 47. Be1 R8h6 48. Bd2 Rf5 49. Rg1 Rf6 50. f5 Rh5 51.
fxe6+ Rxe6 52. Kd1 Rf5 53. Be3 Re4 54. Kd2 Bd6 55. Rhh1 Bg3 56. Rf1 Ke6 57.
Rhg1 Rxf1 58. Rxf1 h3 59. Ke2 Rg4 60. Kf3 Rxg6 61. Rh1 h2 62. Bg1 hxg1=Q
63. Rxg1 Rf6+ 64. Kxg3 Rg6+ 65. Kf2 Rxg1 66. Kxg1 Kf5 67. Kf2 Kf4 68. Kg2
Kg4 69. Kf2 g6 70. Ke3 Kg3 71. Ke2 g5 72. Ke3 g4 73. Ke2 Kf4 74. Kf2 g3+
75. Ke2 Ke4 0-1

[Event "ch-NED w"]
[Site "Leeuwarden NED"]
[Date "2003.07.01"]
[Round "6"]
[White "Bosboom Lanchava,T"]
[Black "Van Weersel,A"]
[Result "1-0"]
[WhiteElo "2329"]
[BlackElo "2096"]
[EventDate "2003.06.25"]

1. d4 Nf6 2. Nf3 g6 3. c4 Bg7 4. Nc3 d5 5. cxd5 Nxd5 6. e4 Nxc3 7. bxc3 O-O
8. Be2 Nc6 9. Rb1 b6 10. h4 Bg4 11. Nh2 Bxe2 12. Qxe2 Na5 13. h5 c5 14.
hxg6 fxg6 15. d5 Bxc3+ 16. Bd2 Bxd2+ 17. Qxd2 e6 18. Ng4 exd5 19. exd5 h5
20. Kf1 Qd7 21. Ne3 Rf6 22. Qc2 Raf8 23. Kg1 Nb7 24. g4 Qf7 25. Rh2 Nd6 26.
Rg2 h4 27. g5 Rf4 28. Ng4 Nf5 29. Rd1 h3 30. Rg3 Qh7 31. Qb2 h2+ 32. Kg2
Nh4+ 33. Kh1 Nf5 34. Rg2 Rxg4 35. Rxg4 Qh3 36. Rf4 Ng3+ 37. fxg3 Rxf4 38.
gxf4 Qf3+ 39. Kxh2 Qxd1 40. Qe5 Qc2+ 41. Kg3 Qd3+ 42. Kh4 Qf3 43. Qe6+ Kg7
44. Qf6+ Kh7 45. Qf7+ Kh8 46. Qf8+ Kh7 47. Qh6+ Kg8 48. Qxg6+ Kf8 49. Qf6+
Ke8 50. Qe6+ Kf8 51. Qf6+ Ke8 52. Qc6+ Kf7 53. Qd7+ Kf8 54. Qf5+ Kg7 55.
Qf6+ Kg8 56. d6 Qf2+ 57. Kg4 Qg2+ 58. Kf5 Qc2+ 59. Ke6 Qxa2+ 60. Ke7 c4 61.
Qf7+ Kh8 62. Kf8 1-0

[Event "ch-NED w"]
[Site "Leeuwarden NED"]
[Date "2003.07.01"]
[Round "6"]
[White "Bensdorp,L"]
[Black "Peng Zhaoqin"]
[Result "0-1"]
[WhiteElo "2063"]
[BlackElo "2433"]
[EventDate "2003.06.25"]

1. e4 e6 2. Qe2 c5 3. g3 Nc6 4. Nf3 Nge7 5. Bg2 d6 6. d3 g6 7. O-O Bg7 8.
c3 O-O 9. Na3 b6 10. h4 e5 11. Nh2 Be6 12. Nc2 Qd7 13. Bd2 d5 14. f4 f5 15.
fxe5 fxe4 16. dxe4 d4 17. cxd4 Nxd4 18. Qd1 Rxf1+ 19. Bxf1 Bxe5 20. Kg2
Bh3+ 21. Kg1 Nec6 22. Be1 Rf8 23. Bc4+ Kh8 24. Bf2 Nxc2 25. Qxc2 Bd4 26.
Bxd4+ Qxd4+ 27. Kh1 Rf2 0-1

[Event "ch-NED w"]
[Site "Leeuwarden NED"]
[Date "2003.07.02"]
[Round "7"]
[White "Peng Zhaoqin"]
[Black "Bosboom Lanchava,T"]
[Result "1/2-1/2"]
[WhiteElo "2433"]
[BlackElo "2329"]
[EventDate "2003.06.25"]

1. d4 f5 2. Nc3 Nf6 3. Bg5 c6 4. e3 e6 5. Bd3 Be7 6. Nf3 O-O 7. O-O d5 8.
Ne2 h6 9. Bxf6 Bxf6 10. c4 Nd7 11. Qb3 Nb6 12. Rfd1 Qe8 13. a4 g6 14. a5
dxc4 15. Bxc4 Nd5 16. a6 b6 17. Ne5 Nc7 18. Nf4 Bxe5 19. dxe5 g5 20. Ne2 b5
21. Bd3 c5 22. Qc3 c4 23. Bc2 Nxa6 24. b3 Bb7 25. Rd6 Nc7 26. bxc4 bxc4 27.
Qxc4 Qc8 28. Nd4 Bd5 29. Qe2 Ne8 30. Qh5 Nxd6 31. Qg6+ Kh8 32. Qxh6+ Kg8
33. Qxg5+ Kh8 34. exd6 Rf7 35. e4 Qc3 36. Rd1 fxe4 37. Qh4+ Kg8 38. Bxe4
Bb3 39. Nxb3 Qxb3 40. Re1 Raf8 41. h3 Rg7 42. Rb1 Qa2 43. Rd1 Qe2 44. Rd3
Rff7 45. d7 Rxd7 46. Rxd7 Rxd7 47. Qg5+ Kf8 48. Qf6+ Rf7 49. Qd8+ Kg7 50.
Qg5+ Kf8 51. Qd8+ Kg7 52. Qd4+ Kf8 53. Qd8+ 1/2-1/2

[Event "ch-NED w"]
[Site "Leeuwarden NED"]
[Date "2003.07.02"]
[Round "7"]
[White "Bensdorp,L"]
[Black "Hamelink,D"]
[Result "1-0"]
[WhiteElo "2063"]
[BlackElo "2187"]
[EventDate "2003.06.25"]

1. e4 c5 2. Nf3 e6 3. d4 cxd4 4. Nxd4 a6 5. Bd3 Qc7 6. O-O Nf6 7. Nc3 b5 8.
a4 b4 9. Na2 Bb7 10. Qe2 Nc6 11. Nxc6 Qxc6 12. f3 Qxa4 13. Be3 Be7 14. c4
Qa5 15. Bd2 Qb6+ 16. Kh1 O-O 17. e5 Ne8 18. Nc1 f6 19. exf6 Nxf6 20. Nb3 a5
21. Be3 Qc7 22. Nd2 Bc5 23. b3 Bd6 24. Bg1 Bc5 25. Be3 Qe5 26. Bxc5 Qxc5
27. Rfe1 Rfe8 28. Qd1 d5 29. Qb1 Bc6 30. cxd5 exd5 31. Rc1 Qb6 32. Nf1 Bb5
33. Qc2 Bxd3 34. Qxd3 Re7 35. Ra2 Rae8 36. Qd1 Qb5 37. Ng3 g6 38. Qd2 Re3
39. Rca1 Rxb3 40. h3 Ra8 41. Qg5 Kf7 42. Ne4 Ne8 43. Re1 Ra7 44. Qe5 Kg8
45. Rc2 Rf7 46. Rc8 Rf8 47. Rxe8 Rxe8 48. Nf6+ Kf7 49. Nxe8 Qd7 50. Qg7+
1-0

[Event "ch-NED w"]
[Site "Leeuwarden NED"]
[Date "2003.07.03"]
[Round "8"]
[White "Schuurman,P"]
[Black "Peng Zhaoqin"]
[Result "0-1"]
[WhiteElo "2293"]
[BlackElo "2433"]
[EventDate "2003.06.25"]

1. d4 Nf6 2. c4 c5 3. d5 e5 4. Nc3 d6 5. e4 Be7 6. Be2 Nbd7 7. Nf3 a6 8. a4
O-O 9. O-O Rb8 10. Ne1 Ne8 11. g3 Bf6 12. Ng2 g6 13. Be3 Ng7 14. Qd2 Qe8
15. Rae1 Bd8 16. f4 f6 17. Bd3 Nb6 18. Qc2 Bd7 19. Ra1 Bh3 20. Rfb1 Nd7 21.
Re1 Ba5 22. Nh4 f5 23. Nf3 Bg4 24. Nd2 Qf7 25. Rf1 Rbe8 26. Rae1 exf4 27.
Bxf4 Ne5 28. Bh6 Qd7 29. exf5 Bxf5 30. Bxf5 Rxf5 31. Rxf5 Nxf5 32. Nce4 Bd8
33. Bf4 Nd4 34. Qd1 Nf7 35. Be3 Nf5 36. Bf2 h5 37. Nf3 Rf8 38. Qd2 Qxa4 39.
Nfg5 Nxg5 40. Nxg5 Bxg5 41. Qxg5 Kh7 42. g4 hxg4 43. Qxg4 Re8 44. Re6 Rxe6
45. dxe6 Qa1+ 46. Kg2 Qxb2 47. Qe4 Qe5 48. Qxb7+ Kh6 49. Qf7 a5 50. Bg3
Qe2+ 51. Kg1 Qd1+ 52. Kf2 Qd4+ 53. Kf3 Qe3+ 54. Kg2 a4 55. Qf8+ Kh7 56.
Qf7+ Kh6 57. Qf8+ Kh7 58. Qf7+ Ng7 59. e7 a3 60. Bf4 Qe4+ 0-1

[Event "ch-NED w"]
[Site "Leeuwarden NED"]
[Date "2003.07.03"]
[Round "8"]
[White "Hamelink,D"]
[Black "Van Weersel,A"]
[Result "1-0"]
[WhiteElo "2187"]
[BlackElo "2096"]
[EventDate "2003.06.25"]

1. e4 e5 2. Nf3 Nc6 3. d4 exd4 4. Nxd4 Bc5 5. Nxc6 bxc6 6. Bd3 Qh4 7. Qe2
Nf6 8. h3 O-O 9. g3 Qh5 10. g4 Qh4 11. Nd2 Ne8 12. Nb3 Bb6 13. Be3 a5 14.
Nd4 Bxd4 15. Bxd4 d6 16. O-O-O Be6 17. a3 c5 18. Be3 Rb8 19. f4 Qf6 20. c4
Qe7 21. f5 Bd7 22. g5 f6 23. h4 Bc6 24. Bd2 Rb3 25. Bc2 Rb7 26. Qd3 Qe5 27.
Bc3 Qf4+ 28. Kb1 Rf7 29. Rdf1 Qg4 30. Qe3 Re7 31. Rf4 Qh5 32. Rg1 Qf7 33.
Qe2 fxg5 34. hxg5 g6 35. Qf1 Re5 36. fxg6 Qxg6 37. Rf8+ Kg7 38. Bxe5+ dxe5
39. Rf6 1-0

[Event "ch-NED w"]
[Site "Leeuwarden NED"]
[Date "2003.07.04"]
[Round "9"]
[White "Bosboom Lanchava,T"]
[Black "Hamelink,D"]
[Result "1/2-1/2"]
[WhiteElo "2329"]
[BlackElo "2187"]
[EventDate "2003.06.25"]

1. d4 d5 2. c4 c6 3. cxd5 cxd5 4. Nc3 Nf6 5. Bf4 Qb6 6. Rc1 Bd7 7. Qd2 Nc6
8. e3 e6 9. Bd3 Be7 10. Nf3 Nh5 11. Bg5 f6 12. Bh4 g5 13. Bg3 g4 14. Ng1
Nxg3 15. hxg3 f5 16. Nge2 O-O-O 17. a3 Kb8 18. b4 Rc8 19. Nf4 Bd6 20. Rh6
Bxf4 21. gxf4 Ne7 22. Ke2 Ng8 23. Rh4 h5 24. b5 Qa5 25. Qb2 Nf6 26. g3 Rc7
27. Kd2 Rhc8 28. Rhh1 Be8 29. Rhd1 Nd7 30. Rc2 Nb6 31. Rdc1 Na4 32. Qb4
Qxb4 33. axb4 Rxc3 34. Rxc3 Nxc3 35. Rxc3 Rxc3 36. Kxc3 Kc7 37. Kb3 Kb6 38.
Ka4 a6 39. Be2 Bxb5+ 40. Bxb5 axb5+ 1/2-1/2

[Event "ch-NED w"]
[Site "Leeuwarden NED"]
[Date "2003.07.04"]
[Round "9"]
[White "Bensdorp,L"]
[Black "Schuurman,P"]
[Result "0-1"]
[WhiteElo "2063"]
[BlackElo "2293"]
[EventDate "2003.06.25"]

1. e4 c6 2. d4 d5 3. e5 Bf5 4. Nc3 a6 5. Be3 Qc7 6. g4 Bd7 7. Bg2 e6 8. f4
Ne7 9. Nf3 h5 10. h3 c5 11. Qd2 cxd4 12. Nxd4 Nec6 13. Nce2 Bb4 14. c3 Be7
15. Nb3 Na7 16. O-O-O Nbc6 17. Kb1 b5 18. Rc1 Nc8 19. Bf3 h4 20. Rhe1 g6
21. Bh1 Nb6 22. Bxb6 Qxb6 23. Ned4 O-O-O 24. Nxc6 Bxc6 25. Qd4 Kc7 26. Rc2
Bd7 27. Rf1 Rhf8 28. g5 Rb8 29. Rg1 a5 30. Rg4 Rh8 31. Kc1 Bc8 32. Bg2 Ba6
33. Bf1 Kb7 34. Qxb6+ Kxb6 35. Kd2 Rbc8 36. Nd4 Bc5 37. Bd3 b4 38. Nf3
bxc3+ 39. bxc3 Bf2 40. Bxa6 Kxa6 41. Rg2 Bg3 42. Ke3 Rc4 43. Nd4 Rhc8 44.
Ne2 Re4+ 45. Kf3 Rcc4 46. Rxg3 hxg3 47. Kxg3 d4 0-1

[Event "ch-NED w"]
[Site "Leeuwarden NED"]
[Date "2003.07.04"]
[Round "9"]
[White "Peng Zhaoqin"]
[Black "Van Weersel,A"]
[Result "1-0"]
[WhiteElo "2433"]
[BlackElo "2096"]
[EventDate "2003.06.25"]

1. d4 Nf6 2. c4 g6 3. Nc3 d5 4. Nf3 Bg7 5. e3 O-O 6. Qb3 dxc4 7. Bxc4 a6 8.
a4 Nc6 9. a5 b5 10. axb6 cxb6 11. Ng5 e6 12. Be2 Na5 13. Qd1 Bb7 14. O-O
Nd5 15. Nf3 Nxc3 16. bxc3 Qc7 17. Ba3 Rfc8 18. Qb1 Bd5 19. e4 Bc4 20. Bxc4
Nxc4 21. Bc1 b5 22. Qd3 Nb6 23. Bd2 Qc4 24. Qe3 a5 25. Qf4 Na4 26. Rfc1 Nb2
27. Qh4 a4 28. Bh6 Qc7 29. e5 Nd3 30. Rd1 Qxc3 31. Ng5 Bh8 32. Ne4 Qb2 33.
Rab1 Qc2 34. Rf1 f5 35. exf6 a3 36. f7+ Kxf7 37. Nd6+ Kg8 38. Qe7 Bxd4 39.
Qxe6+ Kh8 40. Nf7+ Kg8 41. Ne5+ Kh8 42. Qf6+ 1-0

[Event "ch-NED w"]
[Site "Leeuwarden NED"]
[Date "2003.07.05"]
[Round "10"]
[White "Van Weersel,A"]
[Black "Bensdorp,L"]
[Result "1-0"]
[WhiteElo "2096"]
[BlackElo "2063"]
[EventDate "2003.06.25"]

1. e4 c5 2. c4 Nc6 3. Ne2 e6 4. Nbc3 g6 5. d4 cxd4 6. Nxd4 Bg7 7. Ndb5 Be5
8. f4 Bb8 9. Be3 d6 10. Be2 Nge7 11. O-O a6 12. Na3 O-O 13. Qd2 Bc7 14.
Rad1 Qe8 15. f5 f6 16. fxg6 hxg6 17. Rf3 Rf7 18. Rdf1 f5 19. exf5 exf5 20.
Bf4 Ne5 21. Rg3 Rh7 22. c5 Qc6 23. cxd6 Qxd6 24. Qxd6 Bxd6 25. Nc4 Bc5+ 26.
Be3 Bxe3+ 27. Rxe3 Nxc4 28. Bxc4+ Kf8 29. Rd1 Nc6 30. Rd6 Re7 31. Rxe7 Kxe7
32. Rxg6 Ne5 33. Nd5+ Kf7 34. Rf6+ Kg7 35. Be2 Bd7 36. Rd6 Rc8 37. Nc3 Bc6
38. Re6 Ng6 39. g3 Nf8 40. Rd6 Re8 41. Bxa6 Re1+ 42. Bf1 Rc1 43. Rd2 Ng6
44. Kf2 Ne5 45. Be2 Rh1 46. h4 Rh2+ 47. Ke3 Rg2 48. h5 Nf7 49. Bd1 Rxg3+
50. Kf4 Rg5 51. a4 Kf6 52. b4 Rg1 53. b5 Rf1+ 54. Ke3 f4+ 55. Ke2 Bg2 56.
Bb3 f3+ 57. Ke3 Re1+ 58. Kf2 Rf1+ 59. Ke3 Re1+ 60. Kf4 Rh1 61. Nd5+ Kg7 62.
Ne3 Rxh5 63. Rd7 f2 64. Rxf7+ Kg6 65. Kg3 1-0

[Event "ch-NED w"]
[Site "Leeuwarden NED"]
[Date "2003.07.05"]
[Round "10"]
[White "Schuurman,P"]
[Black "Bosboom Lanchava,T"]
[Result "1/2-1/2"]
[WhiteElo "2293"]
[BlackElo "2329"]
[EventDate "2003.06.25"]

1. d4 d5 2. c4 c6 3. Nc3 Nf6 4. Nf3 g6 5. Bf4 dxc4 6. e3 b5 7. a4 b4 8. Na2
e6 9. Bxc4 Be7 10. O-O O-O 11. Nc1 a5 12. Ne5 Qb6 13. Nb3 Nbd7 14. Rc1 Nxe5
15. Bxe5 Nd7 16. Bf4 Bb7 17. Qe2 Rac8 18. Rfd1 c5 19. Bb5 Bc6 20. dxc5 Nxc5
21. Nxc5 Bxb5 22. Qxb5 Bxc5 23. Qxb6 Bxb6 24. Kf1 f6 25. Bh6 Rxc1 26. Rxc1
Rb8 27. Bf4 e5 28. Bg3 Kf7 29. Ke2 Rb7 30. f3 Ke7 31. Rc6 Bd8 32. b3 Kd7
33. Rc4 Bc7 34. Kd3 Bd6 35. e4 f5 36. Bf2 Rb8 37. Ba7 Rb7 38. Be3 f4 39.
Bf2 Rb8 40. Rc1 h6 41. g3 g5 42. gxf4 gxf4 43. Rg1 Rc8 44. Rg7+ Ke6 45.
Rg6+ Kd7 46. Rg7+ Ke6 47. Rg6+ 1/2-1/2